| 000 -LEADER |
| fixed length control field |
01384nam a2200217Ia 4500 |
| 001 - CONTROL NUMBER |
| control field |
10469 |
| 003 - CONTROL NUMBER IDENTIFIER |
| control field |
GE_BSU |
| 008 - FIXED-LENGTH DATA ELEMENTS--GENERAL INFORMATION |
| fixed length control field |
181216s||||||||xx |||||||||||||| ||und|| |
| 020 ## - INTERNATIONAL STANDARD BOOK NUMBER |
| International Standard Book Number |
9789992895269 |
| 040 ## - CATALOGING SOURCE |
| Transcribing agency |
GE_BSU |
| 080 ## - UNIVERSAL DECIMAL CLASSIFICATION NUMBER |
| Universal Decimal Classification number |
821.353.1–3+821.353.1–32 |
| 245 ## - TITLE STATEMENT |
| Title |
ქართული პროზა. წ.19.ანასტასია ერისთავი-ხოშტარია, ნინო ნაკაშიძე, მარიამ გარიყული, ფუცუ დგებუაძე-ფულარია, ანა ხახუტაშვილი (ცქვიტი) |
| 245 ## - TITLE STATEMENT |
| Remainder of title |
ანასტასია ერისთავი-ხოშტარია, ნინო ნაკაშიძე, მარიამ გარიყული, ფუცუ დგებუაძე-ფულარია, ანა ხახუტაშვილი (ცქვიტი) |
| 245 ## - TITLE STATEMENT |
| Statement of responsibility, etc. |
შემდგ.გ.გვერდწითელი. რ.თვარაძე.სარედ. კოლ.გრ.აბაშიძე და სხვ.რედ.ნუკრი აბესაძე.მხატვ.დავით დუნდუა |
| 260 ## - PUBLICATION, DISTRIBUTION, ETC. |
| Place of publication, distribution, etc. |
თბილისი |
| 260 ## - PUBLICATION, DISTRIBUTION, ETC. |
| Name of publisher, distributor, etc. |
საქართველო |
| 260 ## - PUBLICATION, DISTRIBUTION, ETC. |
| Date of publication, distribution, etc. |
1990 |
| 300 ## - PHYSICAL DESCRIPTION |
| Extent |
591გვ.20სმ. |
| 653 ## - INDEX TERM--UNCONTROLLED |
| Uncontrolled term |
ქართული პროზა. |
| 942 ## - ADDED ENTRY ELEMENTS (KOHA) |
| Koha item type |
წიგნი |